书目信息 |
| 题名: |
大门·玄关·窗户风水
|
|
| 作者: | 黄一真 主编 | |
| 分册: | ||
| 出版信息: | 乌鲁木齐 新疆电子出版社 2006.06 |
|
| 页数: | 192页 | |
| 开本: | 21×23cm | |
| 丛书名: | ||
| 单 册: | ||
| 中图分类: | B992.4-64 , TU241 | |
| 科图分类: | ||
| 主题词: | 门--men--室内装饰--风水--研究--中国--图集 , 门厅--men ting--室内装饰--风水--研究--中国--图集 , 窗--chuang--室内装饰--风水--研究--中国--图集 , 民用建筑--建筑设计 | |
| 电子资源: | ||
| ISBN: | 7-900328-88-2 | |
| 000 | 01055nam0 2200277 450 | |
| 001 | 012006894125 | |
| 005 | 20061128111103.68 | |
| 010 | @a7-900328-88-2@dCNY49.80 (含光盘) | |
| 100 | @a20061029d2006 km y0chiy0120 ea | |
| 101 | 0 | @achi |
| 102 | @aCN@b650000 | |
| 105 | @aa z 000yy | |
| 200 | 1 | @a大门·玄关·窗户风水@Ada men·xuan guan·chuang hu feng shui@f黄一真主编@Fhuang yi zhen zhu bian |
| 210 | @a乌鲁木齐@c新疆电子出版社@d2006.06 | |
| 215 | @a192页@c图@d21×23cm@e光盘1片 | |
| 307 | @a光盘 ISBN : 7-900328-88-2 | |
| 330 | @a本书除介绍了基本的风水常识外,着重讲述的是大门、玄关的方位、布局、装饰、色彩等在现代家装中的运用,并从细节上对设计及摆设品的布置提供了更多的参考。 | |
| 606 | 0 | @a门@Amen@x室内装饰@x风水@x研究@y中国@j图集 |
| 606 | 0 | @a门厅@Amen ting@x室内装饰@x风水@x研究@y中国@j图集 |
| 606 | 0 | @a窗@Achuang@x室内装饰@x风水@x研究@y中国@j图集 |
| 606 | 0 | @a民用建筑@x建筑设计 |
| 690 | @aB992.4-64@v4 | |
| 690 | @aTU241@v4 | |
| 701 | 0 | @a黄一真@Ahuang yi zhen@4主编 |
| 801 | 0 | @aCN@c20061128 |
| 905 | @a10447@dTU241@eH9192 | |
| 大门·玄关·窗户风水/黄一真主编.-乌鲁木齐:新疆电子出版社,2006.06 |
| 192页:图;21×23cm+光盘1片 |
| ISBN 7-900328-88-2:CNY49.80 (含光盘) |
| 本书除介绍了基本的风水常识外,着重讲述的是大门、玄关的方位、布局、装饰、色彩等在现代家装中的运用,并从细节上对设计及摆设品的布置提供了更多的参考。 |
| ● |
| 相关链接 |
|
|
|
正题名:大门·玄关·窗户风水
索取号:TU241/H9192
 
预约/预借
| 序号 | 登录号 | 条形码 | 馆藏地/架位号 | 状态 | 备注 |
| 1 | 224900 | 202249003 | 建筑库101/101建筑库 58排3列3层/ [索取号:TU241/H9192] | 在馆 | |
| 2 | 224901 | 202249012 | 建筑库101/ [索取号:TU241/H9192] | 在馆 |